Movies Quiz

Random Movies Quiz

Disney Fairy Matchup II Quiz Stats

 Plays Quiz not verified by Sporcle

Score 0/12 Timer 01:30
0 Plays Today
% Correct
Tinker Bell
94.7%
Vidia
77.3%
Silvermist
76%
Rosetta
72%
Iridessa
70.7%
Fawn
70.7%
Periwinkle
66.7%
Snowflake
58.7%
Terence
57.3%
Redleaf
40%
Hyacinth
21.3%
Sunflower
21.3%

You're not logged in!

Compare scores with friends on all Sporcle quizzes.
OR
Log In

Show Comments

Extras

Created Sep 12, 2015SourceReportNominate
Tags:Disney Films, fairy

Top Quizzes Today


Score Distribution

Your Account Isn't Verified!

In order to create a playlist on Sporcle, you need to verify the email address you used during registration. Go to your Sporcle Settings to finish the process.

Report this User

Report this user for behavior that violates our Community Guidelines.

Details: